State and urban poor: case of SJSRY in India (Record no. 492896)

000 -LEADER
fixed length control field 00620cam a22001577a 4500
008 - FIXED-LENGTH DATA ELEMENTS--GENERAL INFORMATION
fixed length control field 180718b2004 xxu||||| |||| 00| 0 eng d
082 ## - DEWEY DECIMAL CLASSIFICATION NUMBER
Classification number Q31x54 Sa74
100 ## - MAIN ENTRY--PERSONAL NAME
Personal name Sarma, K.S.R.N.
245 ## - TITLE STATEMENT
Title State and urban poor: case of SJSRY in India
Statement of responsibility, etc. by K.S.R.N. Sarma and Pranab Banerji
260 ## - PUBLICATION, DISTRIBUTION, ETC.
Place of publication, distribution, etc. New Delhi
Name of publisher, distributor, etc. Indian Institute of Public Administration
Date of publication, distribution, etc. 2004
300 ## - PHYSICAL DESCRIPTION
Extent 278p.
650 ## - SUBJECT ADDED ENTRY--TOPICAL TERM
Topical term or geographic name entry element Urban poor --Employment --India --West Bengal --Case studies
650 ## - SUBJECT ADDED ENTRY--TOPICAL TERM
Topical term or geographic name entry element Urban poor --Employment --India --Andhra Pradesh --Case studies
650 ## - SUBJECT ADDED ENTRY--TOPICAL TERM
Topical term or geographic name entry element Swarna Jayanti Shahari Rozgar Yojana --Evaluation
700 ## - ADDED ENTRY--PERSONAL NAME
Personal name Banerji, Pranab
Holdings
Withdrawn status Lost status Damaged status Not for loan Permanent Location Current Location Date acquired Full call number Barcode Date last seen Price effective from Koha item type
        Indian Institute of Public Administration Indian Institute of Public Administration 2018-08-04 Q31x54 Sa74 GR17018 2018-08-04 2018-08-04 GR
        Indian Institute of Public Administration Indian Institute of Public Administration 2018-08-04 Q31x54 Sa74 GR16962 2018-08-04 2018-08-04 GR
        Indian Institute of Public Administration Indian Institute of Public Administration 2018-08-04 Q31x54 Sa74 GR16961 2018-08-04 2018-08-04 GR
        Indian Institute of Public Administration Indian Institute of Public Administration 2018-08-04 Q31x54 Sa74 GR16960 2018-08-04 2018-08-04 GR

Powered by Koha